<?xml version="1.0" encoding="UTF-8"?>
<record
    xmlns:xsi="http://www.w3.org/2001/XMLSchema-instance"
    xsi:schemaLocation="http://www.loc.gov/MARC21/slim http://www.loc.gov/standards/marcxml/schema/MARC21slim.xsd"
    xmlns="http://www.loc.gov/MARC21/slim">

  <leader>00585nam a22001697a 4500</leader>
  <controlfield tag="008">161021b        xxu||||| |||| 00| 0 eng d</controlfield>
  <datafield tag="020" ind1=" " ind2=" ">
    <subfield code="a">9780415841726</subfield>
  </datafield>
  <datafield tag="050" ind1=" " ind2=" ">
    <subfield code="a">CC 100 .H58 2013</subfield>
  </datafield>
  <datafield tag="100" ind1=" " ind2=" ">
    <subfield code="a">edited by Bahn, Paul</subfield>
  </datafield>
  <datafield tag="245" ind1=" " ind2=" ">
    <subfield code="a">The History of Archaeology:</subfield>
    <subfield code="b">an introduction/</subfield>
    <subfield code="c">Paul Bahn</subfield>
  </datafield>
  <datafield tag="260" ind1=" " ind2=" ">
    <subfield code="a">London:</subfield>
    <subfield code="b">Routledge,</subfield>
    <subfield code="c">2013</subfield>
  </datafield>
  <datafield tag="300" ind1=" " ind2=" ">
    <subfield code="a">xxi, 255p. :</subfield>
    <subfield code="b">ill. ;</subfield>
    <subfield code="c">23cm</subfield>
  </datafield>
  <datafield tag="500" ind1=" " ind2=" ">
    <subfield code="a">Includes bibliographical references and index.</subfield>
  </datafield>
  <datafield tag="650" ind1=" " ind2=" ">
    <subfield code="a">Archaeology.</subfield>
    <subfield code="x">History.</subfield>
  </datafield>
  <datafield tag="650" ind1=" " ind2=" ">
    <subfield code="a">Excavations (Archaeology).</subfield>
    <subfield code="x">History.</subfield>
  </datafield>
  <datafield tag="942" ind1=" " ind2=" ">
    <subfield code="2">lcc</subfield>
    <subfield code="c">BOOKS</subfield>
    <subfield code="h">CC 100 .H58 2013</subfield>
    <subfield code="0">44</subfield>
  </datafield>
  <datafield tag="999" ind1=" " ind2=" ">
    <subfield code="c">15067</subfield>
    <subfield code="d">15067</subfield>
  </datafield>
  <datafield tag="952" ind1=" " ind2=" ">
    <subfield code="0">0</subfield>
    <subfield code="1">0</subfield>
    <subfield code="2">lcc</subfield>
    <subfield code="4">0</subfield>
    <subfield code="7">0</subfield>
    <subfield code="a">MUC</subfield>
    <subfield code="b">MUC</subfield>
    <subfield code="c">AFR</subfield>
    <subfield code="d">2016-10-21</subfield>
    <subfield code="e">Donation(Rattansi)</subfield>
    <subfield code="g">3780.17</subfield>
    <subfield code="l">22</subfield>
    <subfield code="o">CC 100 .H58 2013</subfield>
    <subfield code="p">27114</subfield>
    <subfield code="r">2022-11-08</subfield>
    <subfield code="s">2022-11-08</subfield>
    <subfield code="w">2016-10-21</subfield>
    <subfield code="y">AFRICANA</subfield>
  </datafield>
  <datafield tag="952" ind1=" " ind2=" ">
    <subfield code="0">0</subfield>
    <subfield code="1">0</subfield>
    <subfield code="2">lcc</subfield>
    <subfield code="4">0</subfield>
    <subfield code="7">0</subfield>
    <subfield code="a">MUC</subfield>
    <subfield code="b">MUC</subfield>
    <subfield code="c">AFR</subfield>
    <subfield code="d">2016-10-21</subfield>
    <subfield code="e">Donation(Rattansi)</subfield>
    <subfield code="g">3780.17</subfield>
    <subfield code="l">24</subfield>
    <subfield code="o">CC 100 .H58 2013</subfield>
    <subfield code="p">27113</subfield>
    <subfield code="r">2025-03-13</subfield>
    <subfield code="s">2025-03-13</subfield>
    <subfield code="w">2016-10-21</subfield>
    <subfield code="y">AFRICANA</subfield>
  </datafield>
  <datafield tag="952" ind1=" " ind2=" ">
    <subfield code="0">0</subfield>
    <subfield code="1">0</subfield>
    <subfield code="2">lcc</subfield>
    <subfield code="4">0</subfield>
    <subfield code="7">0</subfield>
    <subfield code="a">MUC</subfield>
    <subfield code="b">MUC</subfield>
    <subfield code="c">GEN</subfield>
    <subfield code="d">2016-10-21</subfield>
    <subfield code="e">Donation(Rattansi)</subfield>
    <subfield code="g">3780.17</subfield>
    <subfield code="l">17</subfield>
    <subfield code="o">CC 100 .H58 2013</subfield>
    <subfield code="p">27111</subfield>
    <subfield code="r">2026-03-03</subfield>
    <subfield code="s">2026-03-03</subfield>
    <subfield code="w">2016-10-21</subfield>
    <subfield code="y">AFRICANA</subfield>
  </datafield>
  <datafield tag="952" ind1=" " ind2=" ">
    <subfield code="0">0</subfield>
    <subfield code="1">0</subfield>
    <subfield code="2">lcc</subfield>
    <subfield code="4">0</subfield>
    <subfield code="7">0</subfield>
    <subfield code="a">MUC</subfield>
    <subfield code="b">MUC</subfield>
    <subfield code="c">GEN</subfield>
    <subfield code="d">2016-10-21</subfield>
    <subfield code="e">Donation(Rattansi)</subfield>
    <subfield code="g">3780.17</subfield>
    <subfield code="l">17</subfield>
    <subfield code="o">CC 100 .H58 2013</subfield>
    <subfield code="p">27112</subfield>
    <subfield code="r">2025-09-23</subfield>
    <subfield code="s">2025-09-23</subfield>
    <subfield code="w">2016-10-21</subfield>
    <subfield code="y">BOOKS</subfield>
  </datafield>
</record>
